000 00538nam a22001817a 4500
003 CEME
005 20210628203544.0
008 210119b xxu||||| |||| 00| 0 eng d
020 _a9780521571036
040 _c.
082 _a006.4 KUM
100 _aKumar, B.V.K. Vijaya, Mahalanobis, Abhijit, Juday, Richard
_966232
245 _aCorrelation pattern recognition
260 _aUSA
_bCAMBRIDGE UNIVERSITY PRESS
_c2005
300 _aXII,390P
650 _aPATTERN RECOGNITION SYSTEMS.CORRELATION(STATISTICS)
_966233
942 _cBK
_2ddc
999 _c574226
_d574226